| 000 | 01519nam a2200361 c 4500 | ||
|---|---|---|---|
| 003 | BLK | ||
| 005 | 20180420214910.0 | ||
| 008 | 180412b bul|||||r ||||||| ||bul|| | ||
| 010 | _aKNG00015586000 | ||
| 020 |
_a954-8340-08-9 _bиздат.: Камея |
||
| 040 | _aBLK | ||
| 041 |
_aBUL _cBUL |
||
| 080 |
_aАмериканска литература (на САЩ) _b821.111(73) _x-312.9 _z821.111(73)-312.9 |
||
| 080 |
_aАмериканска литература (на САЩ) _b821.111(73) _x-322.9 _z821.111(73)-322.9 |
||
| 100 | 1 |
_aГибсън, Уйлям _eпърви автор _9258771 |
|
| 700 | 1 |
_aГачев, Григор _eпрев. от англ. _9258772 |
|
| 139 |
_aГибсън, Уйлям _bГ 46 |
||
| 245 | 1 | 0 |
_aНевромантик _bРоман _cУйлям Гибсън; прев. от англ. Григор Гачев. |
| 257 | _aUSA | ||
| 260 |
_аСофия _bКамея _c1996 _fВраца : Полипринт |
||
| 300 |
_a296 с. _c20 см |
||
| 380 | _aX | ||
| 490 | 1 |
_aБиблиотека Фантастика _v13 |
|
| 500 | _aNeuromancer / William Gibson. - 3 500 тир. - Съдържа и Разкази Романът е носител на нагладите Хюго, Небюла, Локус, Филип К. Дик | ||
| 653 | _aфантастика | ||
| 653 | _aромани | ||
| 653 | _aразкази | ||
| 852 | _aЦб 191229 | ||
| 856 | 4 |
_qpdf _u |
|
| 856 | 4 |
_qpdf _u |
|
| 942 |
_cKNG _n0 |
||
| 944 |
_aCR _c15.01.2003 _kЛюдмила_Стоянова |
||
| 944 |
_aED _c27.07.2006 _k |
||
| 999 |
_c13897 _d13897 |
||